Her True, true Name: an anthology of women´s writing from the caribbean
שמור ב:
| פורמט: | לא ידוע |
|---|---|
| יצא לאור: |
Inglaterra:
Heinemann,
c1989
|
| נושאים: | |
| תגים: |
הוספת תג
אין תגיות, היה/י הראשונ/ה לתייג את הרשומה!
|
MARC
| LEADER | 000000000a22000000004500 | ||
|---|---|---|---|
| 001 | 000008 | ||
| 020 | |a 0435-989065 | ||
| 041 | 0 | |a inglés | |
| 092 | 0 | |a 808.899.2 H531h | |
| 245 | 1 | 0 | |a Her True, true Name: an anthology of women´s writing from the caribbean |
| 260 | |a Inglaterra: |b Heinemann, |c c1989 | ||
| 300 | |a xix, 202 páginas : mapas | ||
| 500 | |a Número de inscripción 01824 | ||
| 650 | 4 | |a LITERATURA CARIBEÑA | |
| 650 | 4 | |a MUJERES COMO AUTORAS | |
| 650 | 4 | |a BIOGRAFIAS | |
| 650 | 4 | |a REGION DEL CARIBE | |
| 999 | |c 959 |d 959 | ||



